Vista normal
Vista MARC
Entrada Materia (reunión)
Número de registros utilizados en: 1
001 - CONTROL NUMBER
- control field: 168223
003 - CONTROL NUMBER IDENTIFIER
- control field: Co-BoUCM
005 - DATE AND TIME OF LATEST TRANSACTION
- control field: 20211112074831.0
008 - FIXED-LENGTH DATA ELEMENTS
- fixed length control field: 211112|| aca||aabn | a|a d
040 ## - CATALOGING SOURCE
- Original cataloging agency: Co-BoUCM
- Transcribing agency: Co-BoUCM
111 ## - HEADING--MEETING NAME
- Meeting name or jurisdiction name as entry element: 21st Century COE Symposium
- Number of part/section/meeting: (5th
- Date of meeting: 2007
- Location of meeting: Waseda Daigaku)
670 ## - SOURCE DATA FOUND
- Source citation: Work cat.: (Co-BoUCM)72487: 21st Century COE Symposium (5th 2007 Waseda Daigaku), Physics of self-organization systems proceedings of the 5th 21st Century COE symposium, Tokyo, Japan, 13-14 September 2007, 2008